Central Library OPAC University of Rajshahi

Foreign aid and politics in Nepal : (Record no. 45255)

MARC details
000 -LEADER
fixed length control field 00964nam a2200265 a 4500
001 - CONTROL NUMBER
control field 45255
003 - CONTROL NUMBER IDENTIFIER
rucl marc code BD-RjUL
005 - DATE AND TIME OF LATEST TRANSACTION
control field 20211209054003.0
008 - FIXED-LENGTH DATA ELEMENTS--GENERAL INFORMATION
fixed length control field 160725s1965 enka b 001 0 eng
035 ## - SYSTEM CONTROL NUMBER
System control number (BD-RjUL)45373
040 ## - CATALOGING SOURCE
Modifying agency BD-RjUL
Original cataloging agency BD-RjUL
Language of cataloging eng
Transcribing agency BD-RjUL
041 ## - LANGUAGE CODE
Language code of text/sound track or separate title eng
082 ## - DEWEY DECIMAL CLASSIFICATION NUMBER
Classification number 338.95496
Edition number 23
Author mark and year MIF 1965
100 1# - MAIN ENTRY--PERSONAL NAME
Personal name Mihaly, Eugene Bramer.
9 (RLIN) 138624
245 10 - TITLE STATEMENT
Title Foreign aid and politics in Nepal :
Remainder of title a case study /
Statement of responsibility, etc. Eugene Bramer Mihaly
260 ## - PUBLICATION, DISTRIBUTION, ETC. (IMPRINT)
Place of publication, distribution, etc. New York :
Name of publisher, distributor, etc. Oxford University Press,
Date of publication, distribution, etc. c1965.
300 ## - PHYSICAL DESCRIPTION
Pagination viii, 202 p. :
Illustrations ill. ;
Size 22 cm.
500 ## - GENERAL NOTE
General note "Issued under the auspices of the Royal Institute of International Affairs."
504 ## - BIBLIOGRAPHY, ETC. NOTE
Bibliography, etc Includes index and Bibliography: p. [195]-199.
650 #0 - SUBJECT ADDED ENTRY--TOPICAL TERM
Topical term or geographic name as entry element Economic assistance
Geographic subdivision Nepal.
9 (RLIN) 138625
651 #0 - SUBJECT ADDED ENTRY--GEOGRAPHIC NAME
Geographic name Nepal
General subdivision Politics and government.
9 (RLIN) 126776
Geographic name Nepal
General subdivision Economic conditions.
9 (RLIN) 138626
710 2# - ADDED ENTRY--CORPORATE NAME
Corporate name or jurisdiction name as entry element Royal Institute of International Affairs.
9 (RLIN) 138627
942 ## - ADDED ENTRY ELEMENTS (KOHA)
Source of classification or shelving scheme Dewey Decimal Classification
Koha item type Books
Holdings
Lost status Source of classification or shelving scheme Damaged status Not for loan Collection code Permanent Location Current Location Shelving location Date acquired Source of acquisition Cost, normal purchase price Total Checkouts Full call number Date last seen Copy number Koha item type
  Dewey Decimal Classification     Non-fiction Central Library, University of Rajshahi Central Library, University of Rajshahi   24/09/1970 Zeetlinger 42.00   338.95496 MIF 1965 25/07/2016 C-2 Books